00422nam a22001577a 4500003000400000008004100004020001800045082001500063100003800078245004900116250001300165260002800178300001100206650000800217700003900225OSt240507b |||||||| |||| 00| 0 eng d a9789357467971 a658.84 MAG aMANGAN, John and LALWANI, Chandra aGlobal Logistics and Supply Chain Management a4th. ed. aNw Delhi,bWiley,c2024 a315 p. aMBA aCALATAYUD, Agustina and SINGH, Ram